<?xml version="1.0" encoding="UTF-8"?><?xml-stylesheet type="text/xsl" href="static/style.xsl"?><OAI-PMH xmlns="http://www.openarchives.org/OAI/2.0/" xmlns:xsi="http://www.w3.org/2001/XMLSchema-instance" xsi:schemaLocation="http://www.openarchives.org/OAI/2.0/ http://www.openarchives.org/OAI/2.0/OAI-PMH.xsd"><responseDate>2026-04-17T02:52:47Z</responseDate><request verb="GetRecord" identifier="oai:www.recercat.cat:2117/342601" metadataPrefix="marc">https://recercat.cat/oai/request</request><GetRecord><record><header><identifier>oai:recercat.cat:2117/342601</identifier><datestamp>2025-07-23T00:17:12Z</datestamp><setSpec>com_2072_1033</setSpec><setSpec>col_2072_452951</setSpec></header><metadata><record xmlns="http://www.loc.gov/MARC21/slim" xmlns:dcterms="http://purl.org/dc/terms/" xmlns:xsi="http://www.w3.org/2001/XMLSchema-instance" xmlns:doc="http://www.lyncode.com/xoai" xsi:schemaLocation="http://www.loc.gov/MARC21/slim http://www.loc.gov/standards/marcxml/schema/MARC21slim.xsd">
   <leader>00925njm 22002777a 4500</leader>
   <datafield ind2=" " ind1=" " tag="042">
      <subfield code="a">dc</subfield>
   </datafield>
   <datafield ind2=" " ind1=" " tag="720">
      <subfield code="a">Rivas García, Karla Haydeé</subfield>
      <subfield code="e">author</subfield>
   </datafield>
   <datafield ind2=" " ind1=" " tag="260">
      <subfield code="c">2021-02</subfield>
   </datafield>
   <datafield ind2=" " ind1=" " tag="520">
      <subfield code="a">La pérdida visual funcional o no orgánica (NOVL) es una alteración de la función visual sin que exista causa orgánica que lo justifique. Existen diferentes nombres para referirse a este concepto, con características que los diferencian. Por un lado, están los trastornos psicógenos en los que se produce una alteración a nivel cortical que produce una sintomatología que no puede ser controlada por las personas que lo experimentan y creen que de verdad existe una pérdida visual. Por otro lado, se encuentran los simuladores que de manera totalmente consciente fingen la presencia de problemas que no existen con la intención de obtener algún beneficio a cambio. La sospecha de pérdida visual funcional o no orgánica puede existir desde el principio al observar el comportamiento de las personas, ya que éste suele ser muy característico en estos casos, pero de ninguna manera se puede descartar la existencia de una causa orgánica y la veracidad de sus explicaciones hasta que se no compruebe lo contrario a través de la realización de diferentes pruebas diagnósticas. Estas pruebas van desde pruebas muy sencillas y que se pueden realizar sin problema alguno en una consulta optométrica hasta pruebas más sofisticadas que requieren de la utilización de instrumentos específicos en ámbitos hospitalarios. Una vez se confirma el diagnóstico, los ópticos optometristas como profesionales de la salud visual, deben garantizar que estos pacientes reciben la ayuda y el tratamiento necesario, el cual dependerá del tipo de pérdida visual funcional y de las causas. Recordando que nunca se debe juzgar ni confrontar a estos pacientes</subfield>
   </datafield>
   <datafield tag="653" ind2=" " ind1=" ">
      <subfield code="a">Àrees temàtiques de la UPC::Ciències de la salut::Medicina::Oftalmologia</subfield>
   </datafield>
   <datafield tag="653" ind2=" " ind1=" ">
      <subfield code="a">Vision disorders</subfield>
   </datafield>
   <datafield tag="653" ind2=" " ind1=" ">
      <subfield code="a">Eye diseases</subfield>
   </datafield>
   <datafield tag="653" ind2=" " ind1=" ">
      <subfield code="a">Optometry</subfield>
   </datafield>
   <datafield tag="653" ind2=" " ind1=" ">
      <subfield code="a">Simulador</subfield>
   </datafield>
   <datafield tag="653" ind2=" " ind1=" ">
      <subfield code="a">Trastorns de la visió</subfield>
   </datafield>
   <datafield tag="653" ind2=" " ind1=" ">
      <subfield code="a">Ulls -- Malalties</subfield>
   </datafield>
   <datafield tag="653" ind2=" " ind1=" ">
      <subfield code="a">Optometria</subfield>
   </datafield>
   <datafield ind2="0" ind1="0" tag="245">
      <subfield code="a">Pérdida visual funcional. De la histeria visual a los simuladores. Diagnóstico diferencial</subfield>
   </datafield>
</record></metadata></record></GetRecord></OAI-PMH>